Polska - Niemcy 11.10.2014 - Statystyki

Ogólne statystyki
  • Ten quiz został rozwiązany 113 razy
  • Średni wynik to 11 z 14
Statystyki odpowiedzi
Pozycja Klub Odpowiedź % Poprawnych
Obrońca Borussia Dortmund Łukasz Piszczek
100%
Bramkarz Arsenal Wojciech Szczęsny
100%
Napastnik Bayern Monachium Robert Lewandowski
98%
Pomocnik Sevilla Grzegorz Krychowiak
96%
Obrońca Torino Kamil Glik
96%
Napastnik Ajax Amsterdam Arkadiusz Milik
95%
Skrzydłowy Stade Rennais Kamil Grosicki
88%
Pomocnik (zmiennik) Śląsk Wrocław Sebastian Mila
73%
Obrońca Steaua Bukareszt Łukasz Szukała
64%
Skrzydłowy Terek Grozny Maciej Rybus
63%
Pomocnik Legia Warszawa Tomasz Jodłowiec
59%
Obrońca Amkar Perm Jakub Wawrzyniak
53%
Obrońca (zmiennik) FK Krasnodar Artur Jędrzejczyk
52%
Skrzydłowy (zmiennik) Club Brugge Waldemar Sobota
44%
Nie znaleziono quizów pasujących do podanych kryteriów
Rozkład punktacji
Procent ludzi z każdym wynikiem
Percentyl według liczby udzielonych odpowiedzi
Twoja historia wyników
Nie rozwiązałeś tego quizu